000 00704nam a2200205 i 4500
001 56521
003 ES-MaACL
005 20250610152236.0
007 t|
008 031009s1963 sp ||||1| spa d
100 1 _aDilthey, Wilhelm.
_944818
245 1 3 _aLa gran música del Bach /
_cWilhelm Dilthey ; introducción de Federico Sopeña ; traducción de Jesús Aguirre.
260 _aMadrid :
_bTaurus,
_c[1963]
300 _a90 p. ;
_c19 cm.
600 0 4 _aBach, Johann Sebastian,
_d1685-1750
_924454
700 1 _aAguirre, Jesús,
_cDuque de Alba.
_9125561
700 1 _aSopeña Ibáñez, Federico,
_d1917-1991
_9107321
852 _aES-MaACL
_jC-26929
_bR.53099
999 _c56521
_d56521